000 00415nam a22001337a 4500
020 _a9788126514663
082 _a621.381MAI
100 _aAnil K. Maini
245 _aDigital Electronics: Principles and integrated circuits
260 _aNew Delhi
_bWiley
_c2014
300 _a584p.
_bill.;
650 _aDigital electronics
_aElectronic circuits
_aArithmetic circuits
_aMicroprocessors
_aConversion circuits
942 _cBK
999 _c13544
_d13544